000 01566nab a2200241 a 4500
005 20250430063806.0
008 991125c2018 sp ar p o 000 0 spa d
035 _aUPN01000225629
040 _aUPN
_bspa
_cUPN
_eaacr2
049 _aART-E
100 1 _aGarcía Saiz, Lorena
_6- logarsa@hotmail.com
245 1 0 _aAnálisis de la situación laboral de las periodistas españolas
_h[recurso electrónico en línea]
506 0 _aAcceso abierto
520 3 _aEl sector periodístico, pese a ser una plataforma que desvela injusticias, no hace lo propio en materia de igualdad y, concretamente, dentro de su propio seno. El artículo revela mediante el análisis de datos de los Informes Anuales de la Profesión Periodística en España como las periodistas sufren un gran sesgo de género mediante la segregación vertical y horizontal en las empresas del sector, si bien se atisban ligeras tendencias de cambio en algunas áreas, que deberían ir acompañadas de acciones contundentes en áreas como el salario, la estabilidad laboral o el reconocimiento profesional, dictadas ya por la legislación estatal y europea, para que los resultados se aprecien en un futuro no muy lejano.
650 4 _aPeriodismo
_910230
650 2 _914167
_aLegislación
653 0 _aIgualdad de género
653 0 _aSituación laboral
773 _gNo. 13 (2018), p. 7-27
_tCuestiones de género : de la igualdad y la diferencia
_x1699-597X
856 4 _uhttp://revpubli.unileon.es/index.php/cuestionesdegenero/article/view/5388/4207
905 _aArticulo
942 _cART-E
999 _c197725
_d197725